000 00397nam a22001217a 4500
003 SGT
082 _a891.4309
_bH80B
100 _aबंसल, पवन कुमार
245 _aहरियाणा के लालों के सबरंगे किस्से
260 _b जाहनवी प्रकाशन संस्थान
_c1980
300 _a158
942 _2ddc
_cBK
999 _c29965
_d29965